• 首页
  • 本馆介绍
  • 公告通知
  • 最新文献
  • 馆藏检索
  • 电子资源
  • 读者导购
  • 参考咨询
  • 我的图书馆
  • 登录
  • 详细信息显示
  • 放入我的书架
  • 预约/预借图书
  • 作者相关作品
  • 分类相关作品
  • 丛书相关作品
  • 出版社相关作品

书目信息

  • 表格格式
  • 工作单格式
  • 卡片格式
题名:
实用护理美学问答
    
 
作者: 王晶 编著
分册:  
出版信息: 北京   科学普及出版社  2004.03
页数: 307页
开本: 20cm
丛书名:
单 册:
中图分类: R473.1
科图分类:
主题词: 护理学
电子资源:
ISBN: 7-110-05283-4
000 00560nam0 2200193 450
001 0831286137
005 20080612084222.79
010    @a7-110-05283-4@dCNY18.00
100    @a20080612d2004 km y0chiy0120 ea
101 0  @achi
102    @aCN@b110000
200 1  @a实用护理美学问答@Ashi yong hu li mei xue wen da@f王晶编著@Fwang jing bian zhu
210    @a北京@c科学普及出版社@d2004.03
215    @a307页@d20cm
606 0  @a护理学
690    @aR473.1@v4
701  0 @a王晶@Awang jing@4编著
801  0 @aCN@b山东省滨州职业学院图书馆@c20080612
905    @aBZT@dR473.1@e5
    
    实用护理美学问答/王晶编著.-北京:科学普及出版社,2004.03
    307页;20cm
    
    
    ISBN 7-110-05283-4:CNY18.00
    
●
相关链接 在五车中查询图书 在当当中查询图书 在豆瓣中查询图书


正题名:实用护理美学问答     索取号:R473.1/5         预约/预借

序号 登录号 条形码 馆藏地/架位号 状态 备注
1 676637   2000676637   中心书库中库/ 中库008架B面3列6层45/ [索取号:R473.1/5] 在馆    
2 676638   2000676638   中心书库中库/ 中库008架B面3列6层33/ [索取号:R473.1/5] 在馆    
3 676639   2000676639   中心书库中库/ 中库008架B面3列6层47/ [索取号:R473.1/5] 在馆    
4 676640   2000676640   中心书库中库/ 中库008架B面3列6层42/ [索取号:R473.1/5] 在馆    
5 676641   2000676641   中心书库中库/ 中库008架B面3列6层44/ [索取号:R473.1/5] 在馆    
6 676642   2000676642   中心书库中库/ 中库008架B面3列6层48/ [索取号:R473.1/5] 在馆    
7 676643   2000676643   中心书库中库/ 中库008架B面3列6层43/ [索取号:R473.1/5] 在馆    
8 676644   2000676644   中心书库中库/ 中库008架B面3列6层34/ [索取号:R473.1/5] 在馆    
9 676645   2000676645   中心书库中库/ 中库008架B面3列6层41/ [索取号:R473.1/5] 在馆    
10 676646   2000676646   中心书库中库/ 中库008架B面3列6层46/ [索取号:R473.1/5] 在馆    
山东省滨州职业学院图书馆 欢迎您!
大连网信软件有限公司© 版权所有